|
|
|
|
| LEADER |
01945nam a2200421 a 4500 |
| 001 |
000762548 |
| 003 |
CZ BrMZK |
| 005 |
20190919141136.0 |
| 007 |
ta |
| 008 |
050204s2004 xr d fr 000 0 cze d |
| 015 |
|
|
|a cnb001500023
|
| 020 |
|
|
|a 80-7157-821-5
|q (brož.)
|
| 035 |
|
|
|a (OCoLC)85137090
|
| 040 |
|
|
|a BOA001
|b cze
|
| 041 |
1 |
|
|a cze
|b eng
|
| 072 |
|
7 |
|a 630
|x Lesnictví
|2 Konspekt
|9 24
|
| 080 |
|
|
|a 630.31
|2 MRF
|
| 080 |
|
|
|a 630.36
|2 MRF
|
| 080 |
|
|
|a (048.8)
|2 MRF
|
| 100 |
1 |
|
|a Neruda, Jindřich,
|d 1955-
|7 mzk2005269840
|4 aut
|
| 245 |
1 |
0 |
|a Faktory výkonnosti harvestorových technologií lesní těžby =
|b factors of the efficiency of harvester technologies in logging /
|c Jindřich Neruda, Jan Valenta
|
| 246 |
3 |
1 |
|a Factors of the efficiency of harvester technologies in logging
|
| 260 |
|
|
|a Brno :
|b Mendelova zemědělská a lesnická univerzita,
|c 2004
|
| 300 |
|
|
|a 54 s. :
|b grafická znázornění ;
|c 21 cm
|
| 490 |
1 |
|
|a Folia Universitatis Agriculturae et Silviculturae Mendelianae Brunensis. Facultas Silviculturae et Technologiae Ligni. Monografie
|
| 500 |
|
|
|a Nad názvem: Mendelova zemědělská a lesnická univerzita v Brně. Lesnická a dřevařská fakulta. Ústav lesnické a dřevařské techniky
|
| 504 |
|
|
|a Obsahuje bibliografii
|
| 546 |
|
|
|a Anglické resumé
|
| 650 |
0 |
7 |
|a těžba dřeva
|7 ph135737
|2 czenas
|
| 650 |
0 |
7 |
|a harvestory
|7 ph165293
|2 czenas
|
| 655 |
|
7 |
|a studie
|7 fd133597
|2 czenas
|
| 700 |
1 |
|
|a Valenta, Jan,
|d 1976-
|7 mzk2005269843
|4 aut
|
| 710 |
2 |
|
|a Mendelova zemědělská a lesnická univerzita.
|b Ústav lesnické a dřevařské techniky
|7 kn20010711263
|
| 830 |
|
0 |
|a Folia Universitatis Agriculturae et Silviculturae Mendelianae Brunensis.
|p Facultas Silviculturae et Technologiae Ligni.
|p Monografie
|0 s
|
| 910 |
|
|
|a BOA001
|b 2-1147.253
|
| 990 |
|
|
|a BK
|
| 991 |
|
|
|b 200504
|c NOV
|
| 996 |
6 |
|
|b 2610242104
|c 2-1147.253
|l MZK
|r Sklad / do 1 hodiny
|n 4
|p p.v.
|w 000762548
|u 000010
|a 1
|e BOA001
|j MZK50
|s P
|